[Event "NED-ch U18/20"]
[Site "Assen"]
[Date "2017.04.27"]
[Round "7"]
[White "Hartevelt, Leendert"]
[Black "De Boer, Sipke"]
[Result "1-0"]
[WhiteElo "1777"]
[BlackElo "1363"]
[PlyCount "75"]
[EventDate "2017.04.23"]
[EventType "swiss"]
[EventRounds "9"]
[EventCountry "NED"]
[SourceTitle "CBM 178 Extra"]
[Source "ChessBase"]
[SourceDate "2017.06.22"]
[SourceVersion "1"]
[SourceVersionDate "2017.06.22"]
[SourceQuality "1"]

1. e4 g6 2. c4 Bg7 3. d4 d6 4. Nc3 Nf6 5. Nf3 0-0 6. Be2 Bg4 7. Be3 Nbd7 8. 0-0 c5 9. d5 Nb6 10. Nd2 Bxe2 11. Qxe2 Qd7 12. h3 e6 13. g4 exd5 14. cxd5 h5 15. f3 Qe7 16. Rf2 Nbd7 17. Rg2 a6 18. Nf1 b5 19. Ng3 h4 20. Nf1 Nh7 21. Nd2 g5 22. Rf1 Bxc3 23. bxc3 f6 24. f4 Rab8 25. fxg5 fxg5 26. Rf5 a5 27. Rgf2 b4 28. cxb4 axb4 29. Nc4 Nb6 30. Qc2 Nxc4 31. Qxc4 Rbe8 32. e5 Rxf5 33. Rxf5 dxe5 34. d6+ Qe6 35. d7 Qxc4 36. dxe8Q+ Kg7 37. Qxe5+ Kg6 38. Qd5 1-0